000 00735nam a2200181Ia 4500
008 100921s9999 xx 000 0 und d
082 _b24633
_a641.6 थ 92
100 _aपालवणकर आरती.
245 _aकशासाठी पोटासाठी.
260 _bरविराज प्रकाशन, पुणे.
_c1992
300 _a223
_bमॅजेस्टीक प्रकाशन,पुणे.
365 _b50
520 _aतं.वि.-गृह-पा.शास्त्र.
630 _aकशासाठी पोटासाठी.
650 _aतं.वि.-गृह-पा.शास्त्र.
730 _aकशासाठी पोटासाठी.
942 _cBOOK
999 _c773746
_d773743